| 000 | 00600nam a22001817a 4500 | ||
|---|---|---|---|
| 003 | UA-OsUOA | ||
| 001 | 8500 | ||
| 007 | ta | ||
| 008 | 20040927b un ||||| |||| 00| 0 ukr d | ||
| 100 | _aВанькович Д . В . | ||
| 942 | _cSA | ||
| 040 |
_aUA-OsUOA _cUA-OsUOA _dUA-OsUOA |
||
| 245 | _aУдосконалення механізму реорганізації управління фінансовими ресурсами підприємства | ||
| 300 | _aС.112 - 117 | ||
| 955 | _a0 | ||
| 773 | 0 |
_w0 _tФінанси України _dКиїв _d2004 _g№9 |
|
| 650 | 7 |
_aУкраїна _2UDC |
|
| 999 |
_c294661 _d294661 |
||